| 000 | 01256cam a2200349 i 4500 | ||
|---|---|---|---|
| 001 | 200458859 | ||
| 003 | TR-AnTOB | ||
| 005 | 20250717131049.0 | ||
| 007 | ta | ||
| 008 | 170927s2017 tu a 000 0 tur d | ||
| 020 | _a9789753044776 | ||
| 040 |
_aTR-AnTOB _beng _erda _cTR-AnTOB |
||
| 041 | 0 | _atur | |
| 044 | _ctu | ||
| 050 | 0 | 0 |
_aT325 _b.T87 2017 |
| 090 | 0 | 0 |
_aT325 _b.T87 2017 |
| 245 | 0 | 0 |
_aTürkiye’nin lider ve yükselen markaları : _b100 yıllık markalar, lider ve yükselen markalar, Türkiye’den dünya için üreten küresel markalar, üretimin markaları / _ceditörler Mithat Kahraman, Tamer Işıtır ; katkıda bulunanlar Dünya Bölge Temsilcilikleri.. |
| 264 | 1 |
_aİstanbul : _bGlobus Dünya Basınevi, _c2017. |
|
| 300 |
_a479 pages : _bcolor illustrations ; _c34 cm |
||
| 336 |
_btxt _atext _2rdacontent |
||
| 337 |
_bn _aunmediated _2rdamedia |
||
| 338 |
_bnc _avolume _2rdacarrier |
||
| 500 | _aIncludes index. | ||
| 505 | _a100 Yıllık Markalar 10-53 | ||
| 650 | 7 |
_aMarkalı ürünler _xTurkey. _2etuturkob _98336 |
|
| 650 | 0 |
_aTrademarks _948194 |
|
| 650 | 0 |
_aBusiness names _zTurkey _990556 |
|
| 700 | 1 | _aKahraman, editörler Mithat | |
| 700 | 1 | _aIşıtır, Tamer | |
| 942 |
_2lcc _cBK |
||
| 999 |
_c200458859 _d77071 |
||